000 00339nam a2200145Ia 4500
008 150201s2009 xx 000 0 und d
082 _a617.51
_bE09H
100 _aHAZARIKA,P
245 _aTB OF EAR,NOSE, THROAT&HEAD&NECK SURGERY
250 _a2ND
260 _bCBS
_aDELHI
_c2009
300 _a1-920
650 _aE.N.T.
942 _2ddc
_cBK
999 _c343
_d343